[Event "Goldener Springer 2020"]
[Site "Frankfurt-Griesheim"]
[Date "2020.??.??"]
[Round "2"]
[White "Bluebaum, Johanna"]
[Black "Sergin, Mark"]
[Result "0-1"]
[WhiteElo "1979"]
[BlackElo "2207"]
[PlyCount "86"]
[EventDate "2020.??.??"]
[WhiteTeam "SK Marburg"]
[BlackTeam "SF Neuberg"]

1. d4 Nf6 2. c4 c5 3. d5 e6 4. Nc3 exd5 5. cxd5 d6 6. Nf3 g6 7. Nd2 Bg7 8. e4
O-O 9. Be2 Re8 10. O-O a6 11. a4 Nbd7 12. h3 Rb8 13. a5 Qc7 14. Qc2 b5 15. axb6
Rxb6 16. Nc4 Rb4 17. Bf4 Bf8 18. Bd3 Nh5 19. Bh2 f6 20. f4 Nb6 21. Na2 Nxc4 22.
Bxc4 Rb6 23. g4 Ng7 24. e5 f5 25. e6 Qb8 26. b3 Be7 27. g5 Nh5 28. Rab1 Bb7 29.
Nc3 Qa8 30. Qd2 Rb4 31. Rfe1 Bf8 32. Na4 Bg7 33. Qg2 Re7 34. Kf1 Bd4 35. Re2
Ng7 36. Rbe1 Ne8 37. Bg1 Nc7 38. Bxd4 cxd4 39. Qf2 Bxd5 40. Qxd4 Bxc4 41. bxc4
Rxa4 42. Qxd6 Rxc4 43. Kg1 Qe8 0-1

[Event "Goldener Springer 2020"]
[Site "Frankfurt-Griesheim"]
[Date "2020.??.??"]
[Round "2"]
[White "Calvi, Stefan"]
[Black "Schulze, Manfred"]
[Result "1/2-1/2"]
[WhiteElo "2072"]
[BlackElo "1984"]
[PlyCount "131"]
[EventDate "2020.??.??"]
[WhiteTeam "SF Frankfurt"]
[BlackTeam "SC Steinbach"]

1. e4 e5 2. Nf3 Nf6 3. Nxe5 d6 4. Nf3 Nxe4 5. Nc3 Nf6 6. d4 d5 7. Bd3 Bd6 8.
Qe2+ Be6 9. Bg5 O-O 10. O-O-O c5 11. dxc5 Bxc5 12. h4 h6 13. Be3 Nbd7 14. Nd4
Re8 15. Qd2 Qa5 16. Kb1 Ng4 17. Nb3 Bxe3 18. Nxa5 Bxd2 19. Rxd2 Nc5 20. Bb5
Red8 21. Nb3 Nxb3 22. axb3 a6 23. Bd3 b5 24. f3 Ne5 25. Re1 Nxd3 26. Rxd3 Ra7
27. Ne2 Rad7 28. Nd4 Rd6 29. Ka2 b4 30. c3 a5 31. Ra1 Rc8 32. Re3 Kf8 33. Kb1
Rc5 34. Kc2 Bd7 35. Kd3 Rf6 36. Ree1 g6 37. cxb4 axb4 38. Ra8+ Rc8 39. Ra7 Rd6
40. Rb7 Be8 41. Ra1 Rd7 42. Rxb4 Rdc7 43. Ra5 Rc1 44. Rxd5 Rb1 45. Rc4 Rxc4 46.
bxc4 Rxb2 47. g4 Rh2 48. c5 Ra2 49. c6 Ra3+ 50. Ke4 Rc3 51. Rd8 Ke7 52. Rc8 Rc5
53. f4 f6 54. f5 h5 55. gxh5 gxh5 56. c7 Bd7 57. Rh8 Rxc7 58. Rxh5 Rc1 59. Kd5
Be8 60. Rh7+ Bf7+ 61. Ne6 Re1 62. Kc6 Re5 63. Nd4 Kf8 64. Rh8+ Kg7 65. Rd8 Re4
66. Rd7 1/2-1/2

[Event "Goldener Springer 2020"]
[Site "Frankfurt-Griesheim"]
[Date "2020.??.??"]
[Round "2"]
[White "Mamerow, Marvin Stephan"]
[Black "Iliev, Mustafa Batuhan"]
[Result "0-1"]
[WhiteElo "1938"]
[BlackElo "2049"]
[PlyCount "52"]
[EventDate "2020.??.??"]
[WhiteTeam "SC Matt im Park Frankfurt"]
[BlackTeam "SV Grossauheim"]

1. e4 c5 2. Nf3 e6 3. d4 cxd4 4. Nxd4 Nf6 5. Nc3 d6 6. Be3 Nc6 7. Bc4 Be7 8. f3
a6 9. g4 Na5 10. Bd3 Nd7 11. Qe2 Qc7 12. O-O-O b5 13. a3 Nb6 14. Rhe1 Bd7 15.
Nf5 Bf8 16. Nd4 Nbc4 17. f4 Be7 18. Bxc4 Nxc4 19. f5 h6 20. Bd2 Nxd2 21. Rxd2
Bg5 22. fxe6 fxe6 23. Kb1 Bxd2 24. Qxd2 Qc5 25. Nb3 Qe5 26. Nd5 O-O 0-1

[Event "Goldener Springer 2020"]
[Site "Frankfurt-Griesheim"]
[Date "2020.??.??"]
[Round "2"]
[White "Rondonuwu, Grover"]
[Black "Weber, Samuel"]
[Result "0-1"]
[WhiteElo "2053"]
[BlackElo "2230"]
[PlyCount "64"]
[EventDate "2020.??.??"]
[WhiteTeam "Frankfurter TV"]
[BlackTeam "SV Oberursel"]

1. d4 Nf6 2. Bg5 d5 3. Bxf6 gxf6 4. e3 e6 5. g3 Bd7 6. Ne2 c5 7. c3 Nc6 8. Bg2
f5 9. Nd2 cxd4 10. exd4 Bd6 11. Nf3 b5 12. Qd2 Qf6 13. Nf4 b4 14. Nd3 bxc3 15.
bxc3 Na5 16. Nfe5 Bb5 17. O-O Bxe5 18. dxe5 Qe7 19. Rfe1 Bxd3 20. Qxd3 O-O 21.
Rab1 Nc4 22. Qd4 Rfc8 23. Rb3 Na5 24. Rb5 Rc4 25. Qd2 Ra4 26. Reb1 Kg7 27. Qe2
Ra3 28. R1b4 Rc8 29. Rh4 Qg5 30. Qb2 Rcxc3 31. Rxa5 Qc1+ 32. Qxc1 Rxc1+ 0-1

[Event "Goldener Springer 2020"]
[Site "Frankfurt-Griesheim"]
[Date "2020.??.??"]
[Round "2"]
[White "Dreis, Volker"]
[Black "Olesiak, Marcin"]
[Result "0-1"]
[WhiteElo "1926"]
[BlackElo "2036"]
[PlyCount "70"]
[EventDate "2020.??.??"]
[WhiteTeam "SV Frankfurt Nord"]
[BlackTeam "SV Oberursel"]

1. e4 c5 2. Nf3 d6 3. d4 cxd4 4. Nxd4 Nf6 5. Nc3 a6 6. Bg5 e6 7. f4 Be7 8. Qf3
Qc7 9. O-O-O Nbd7 10. g4 h6 11. Bxf6 Bxf6 12. h4 Nb6 13. g5 Bxd4 14. Rxd4 Bd7
15. Qd3 e5 16. Rxd6 exf4 17. Qd4 Bc6 18. gxh6 Rxh6 19. Rxh6 gxh6 20. Qh8+ Ke7
21. Qxh6 Qe5 22. Rg1 Rh8 23. Qg5+ Qxg5 24. hxg5 Rg8 25. Kd1 Ke6 26. Bh3+ Ke5
27. Bf5 Nc4 28. b3 Ne3+ 29. Ke2 Nxf5 30. exf5 Kxf5 31. Kf2 Rxg5 32. Rxg5+ Kxg5
33. Ne2 Kf5 34. Nc3 Ke5 35. a4 Be4 0-1

[Event "Goldener Springer 2020"]
[Site "Frankfurt-Griesheim"]
[Date "2020.??.??"]
[Round "2"]
[White "Lange, Martin"]
[Black "Varma, Christopher"]
[Result "1/2-1/2"]
[WhiteElo "1749"]
[BlackElo "1889"]
[PlyCount "87"]
[EventDate "2020.??.??"]
[WhiteTeam "Sfr. Kelkheim"]
[BlackTeam "SV Oberursel"]

1. e4 e6 2. d4 d5 3. Nd2 Be7 4. Ne2 c5 5. c3 cxd4 6. cxd4 dxe4 7. Nxe4 Nc6 8.
Be3 Nf6 9. Nc5 O-O 10. Nc3 b6 11. N5e4 Bb7 12. f3 Qd7 13. Bb5 a6 14. Bxc6 Bxc6
15. O-O Rfd8 16. a3 Rac8 17. b4 Nd5 18. Nxd5 Bxd5 19. Rc1 Rxc1 20. Qxc1 Rc8 21.
Qb2 Rc4 22. Rc1 Qc8 23. Rxc4 Qxc4 24. Qc3 f5 25. Qxc4 Bxc4 26. Nd2 Bd5 27. Kf2
a5 28. bxa5 bxa5 29. Nb1 Ba2 30. Nc3 Bc4 31. Bc1 Kf7 32. a4 Bb4 33. Bb2 Ke7 34.
Ke3 Kd7 35. h4 Be7 36. g3 g6 37. Nd1 Bb3 38. Nc3 Kc6 39. Kd3 f4 40. g4 Bxh4 41.
Ke4 Bg5 42. Bc1 Be7 43. Kxf4 Bb4 44. Bb2 1/2-1/2

[Event "Goldener Springer 2020"]
[Site "Frankfurt-Griesheim"]
[Date "2020.??.??"]
[Round "2"]
[White "Kaehm, Kevin"]
[Black "Voellinger, Florian"]
[Result "1/2-1/2"]
[WhiteElo "1608"]
[BlackElo "1866"]
[PlyCount "78"]
[EventDate "2020.??.??"]
[WhiteTeam "SK Bischofsheim"]
[BlackTeam "SF Dettingen"]

1. d4 d5 2. Nf3 Nf6 3. Bf4 e6 4. g3 b6 5. Bg2 Bb7 6. O-O Be7 7. c4 O-O 8. cxd5
Nxd5 9. Qd2 Nd7 10. Nc3 Nxf4 11. Qxf4 Bd6 12. Qd2 Qe7 13. Rfd1 Nf6 14. a3 a6
15. Rac1 Rfd8 16. Qc2 c5 17. dxc5 Bxc5 18. b4 Bd6 19. Qb3 Rac8 20. Ne4 Bd5 21.
Qb2 Qb7 22. Rxc8 Rxc8 23. Nc3 Qc7 24. Nxd5 Nxd5 25. Ng5 Be5 26. Qb3 Nf6 27. Bh3
Re8 28. Qa4 h6 29. Ne4 Qc8 30. Nxf6+ Bxf6 31. Qd7 Rd8 32. Qxc8 Rxc8 33. Rd6 Rc3
34. e3 Rxa3 35. Rxb6 Bc3 36. Bf1 Ra4 37. Bd3 g6 38. b5 axb5 39. Bxb5 Ra7
1/2-1/2

[Event "Goldener Springer 2020"]
[Site "Frankfurt-Griesheim"]
[Date "2020.??.??"]
[Round "2"]
[White "Prior, Benjamin"]
[Black "Rutsatz, Mario"]
[Result "1/2-1/2"]
[WhiteElo "1831"]
[BlackElo "1969"]
[PlyCount "129"]
[EventDate "2020.??.??"]
[WhiteTeam "SF Anderssen Wetzlar"]
[BlackTeam "SF Frankfurt"]

1. e4 Nf6 2. e5 Nd5 3. d4 Nb6 4. Nf3 d6 5. exd6 exd6 6. Be2 Be7 7. O-O O-O 8.
c4 Bf5 9. Nc3 Nc6 10. a3 Bf6 11. Be3 d5 12. c5 Nc8 13. b4 a6 14. Qb3 N8e7 15.
b5 axb5 16. Nxb5 Ng6 17. Nc3 Be4 18. Rad1 Na5 19. Qb4 Nc4 20. Nxe4 dxe4 21.
Qxc4 exf3 22. Bxf3 Rxa3 23. Bxb7 Bg5 24. Bxg5 Qxg5 25. d5 Rb8 26. Bc6 Ne5 27.
f4 Nxc4 28. fxg5 Ra5 29. Rb1 Rd8 30. Rb7 g6 31. Rxc7 Ne5 32. Bb7 Nd3 33. h3
Rxc5 34. Rcxf7 Nb4 35. d6 Rxg5 36. d7 Rf5 37. R7xf5 gxf5 38. Bc8 Nd5 39. Rxf5
Nb6 40. Rc5 Nxd7 41. Rd5 Rxc8 42. Rxd7 Rc3 43. Kh2 Ra3 44. h4 Rb3 45. g3 Ra3
46. Kh3 Ra4 47. h5 Rb4 48. g4 Ra4 49. Re7 Rb4 50. h6 Rb1 51. g5 Rb4 52. Kg3 Ra4
53. Rg7+ Kh8 54. Rf7 Kg8 55. Rf4 Ra5 56. Kg4 Rb5 57. Re4 Ra5 58. Kf4 Rb5 59.
Re5 Rb1 60. Rd5 Rf1+ 61. Ke5 Kf7 62. Rd7+ Kg8 63. Ke6 Re1+ 64. Kf6 Rf1+ 65. Ke6
1/2-1/2

[Event "Goldener Springer 2020"]
[Site "Frankfurt-Griesheim"]
[Date "2020.??.??"]
[Round "2"]
[White "Koepke, Carolina"]
[Black "Degenhardt, Andreas"]
[Result "1/2-1/2"]
[WhiteElo "1451"]
[BlackElo "1811"]
[PlyCount "44"]
[EventDate "2020.??.??"]
[WhiteTeam "SV Oberursel"]
[BlackTeam "SC Lorsch"]

1. d4 d5 2. Bf4 e6 3. e3 Nf6 4. Nd2 c5 5. c3 cxd4 6. exd4 Bd6 7. Bg3 Nc6 8.
Ngf3 Qc7 9. Bd3 O-O 10. Qe2 h6 11. Bxd6 Qxd6 12. O-O Bd7 13. Ne5 Ne7 14. Ndf3
Qb6 15. Rfe1 Rae8 16. Qc2 Nc8 17. Qb3 Qc7 18. a4 Nd6 19. Nd2 Nf5 20. Qc2 Rc8
21. Ndf3 Nd6 22. Rec1 Nc4 1/2-1/2

[Event "Goldener Springer 2020"]
[Site "Frankfurt-Griesheim"]
[Date "2020.??.??"]
[Round "2"]
[White "Baer, Christian"]
[Black "Chandler, Patrick"]
[Result "0-1"]
[WhiteElo "1500"]
[BlackElo "2155"]
[PlyCount "60"]
[EventDate "2020.??.??"]
[WhiteTeam "SC Steinbach"]
[BlackTeam "SC Nied"]

1. e4 e6 2. d4 d5 3. exd5 exd5 4. Nf3 Nf6 5. Bd3 Bg4 6. c3 Nbd7 7. O-O Be7 8.
h3 Bh5 9. Bf4 O-O 10. Nbd2 c5 11. dxc5 Nxc5 12. Qc2 Nxd3 13. Qxd3 Bg6 14. Qb5
Bd6 15. Bxd6 Qxd6 16. Rfe1 a6 17. Qb3 Nd7 18. Re3 Nc5 19. Qb4 a5 20. Qb5 b6 21.
Rae1 Bc2 22. Nd4 Ba4 23. Qe2 Bd7 24. N2b3 a4 25. Nd2 f5 26. Qh5 Rf6 27. Re7
Raf8 28. Qg5 Rg6 29. Qh4 Ne4 30. Nxe4 fxe4 0-1

[Event "Goldener Springer 2020"]
[Site "Frankfurt-Griesheim"]
[Date "2020.??.??"]
[Round "3"]
[White "Poetsch, Hagen"]
[Black "Kuban, Guenther"]
[Result "1-0"]
[WhiteElo "2524"]
[BlackElo "2105"]
[PlyCount "39"]
[EventDate "2020.??.??"]
[WhiteTeam "SC Heusenstamm"]
[BlackTeam "SV Oberursel"]

1. e4 e6 2. d4 d5 3. Nc3 Bb4 4. a3 Bxc3+ 5. bxc3 dxe4 6. Qg4 Nf6 7. Qxg7 Rg8 8.
Qh6 Rg6 9. Qe3 c5 10. Ne2 Qa5 11. Bd2 c4 12. Nf4 Nd5 13. Qxe4 Rg4 14. g3 Nxf4
15. gxf4 Nd7 16. Bxc4 Qc7 17. Be2 Rg8 18. f5 Nf6 19. Qe5 Qc6 20. Bb5 1-0

[Event "Goldener Springer 2020"]
[Site "Frankfurt-Griesheim"]
[Date "2020.??.??"]
[Round "3"]
[White "Emig, Nils"]
[Black "Gries, Volker"]
[Result "1/2-1/2"]
[WhiteElo "1823"]
[BlackElo "2079"]
[PlyCount "41"]
[EventDate "2020.??.??"]
[WhiteTeam "SK Marburg"]
[BlackTeam "SV Oberursel"]

1. e4 e5 2. Nf3 Nf6 3. Nc3 Bb4 4. d3 Nc6 5. Be2 h6 6. a3 Bxc3+ 7. bxc3 d5 8.
exd5 Nxd5 9. c4 Nf4 10. O-O Ng6 11. Re1 O-O 12. Bb2 Re8 13. Bf1 Bf5 14. Nd2 Qg5
15. Ne4 Bxe4 16. Rxe4 f5 17. Re1 Rad8 18. Bc1 Qf6 19. Rb1 b6 20. Bb2 Kh7 21. g3
1/2-1/2

[Event "Goldener Springer 2020"]
[Site "Frankfurt-Griesheim"]
[Date "2020.??.??"]
[Round "3"]
[White "Schellen, Sven"]
[Black "Hebauf, Markus"]
[Result "1-0"]
[WhiteElo "1826"]
[BlackElo "1524"]
[PlyCount "42"]
[EventDate "2020.??.??"]
[WhiteTeam "SV Frankfurt Nord"]
[BlackTeam "Sfr. Kelkheim"]

1. d4 d5 2. c4 e6 3. Nf3 Nf6 4. g3 h6 5. Bg2 Bb4+ 6. Nbd2 Nc6 7. Qc2 Ne4 8. O-O
Nxd2 9. Bxd2 Bxd2 10. Qxd2 dxc4 11. Rfd1 O-O 12. Rac1 Ne7 13. Rxc4 c6 14. Qc2
Qc7 15. e4 Rd8 16. Ne5 f6 17. Nf3 b5 18. Rc5 a5 19. d5 exd5 20. exd5 Ra6 21.
Nd4 Bb7 1-0

[Event "Goldener Springer 2020"]
[Site "Frankfurt-Griesheim"]
[Date "2020.??.??"]
[Round "3"]
[White "Klundt, Klaus"]
[Black "Oezdemir, Ali Oezden"]
[Result "1-0"]
[WhiteElo "2293"]
[BlackElo "2016"]
[PlyCount "63"]
[EventDate "2020.??.??"]
[WhiteTeam "SC Heusenstamm"]
[BlackTeam "SK Langen"]

1. e4 c5 2. Nf3 Nc6 3. d4 cxd4 4. Nxd4 g6 5. c4 Bg7 6. Be3 Nf6 7. Nc3 O-O 8.
Be2 d6 9. O-O Bd7 10. h3 Nxd4 11. Bxd4 Bc6 12. Qc2 Nd7 13. Bxg7 Kxg7 14. Rad1
a5 15. Bg4 Qc7 16. Bxd7 Bxd7 17. Nd5 Qd8 18. a4 Ra6 19. b3 Be6 20. Nf4 Qc7 21.
Rd3 Qc5 22. Qc3+ Kg8 23. Re1 Rc8 24. Nd5 Re8 25. h4 Bxd5 26. exd5 e5 27. dxe6
Rxe6 28. Rxe6 fxe6 29. Re3 d5 30. Qe5 Qd6 31. cxd5 Qxd5 32. Qb8+ 1-0

[Event "Goldener Springer 2020"]
[Site "Frankfurt-Griesheim"]
[Date "2020.??.??"]
[Round "3"]
[White "Schulze, Manfred"]
[Black "Iliev, Mustafa Batuhan"]
[Result "0-1"]
[WhiteElo "1984"]
[BlackElo "2049"]
[PlyCount "86"]
[EventDate "2020.??.??"]
[WhiteTeam "SC Steinbach"]
[BlackTeam "SV Grossauheim"]

1. e4 c5 2. Nf3 e6 3. d3 Nc6 4. g3 Nf6 5. Bg2 Be7 6. O-O d6 7. Re1 O-O 8. Nbd2
Re8 9. Nf1 b6 10. h4 Bb7 11. c3 Rc8 12. N1h2 Ne5 13. Bg5 Nfd7 14. Be3 c4 15.
Nxe5 Nxe5 16. dxc4 Nxc4 17. Bc1 b5 18. b3 Nb6 19. Bb2 d5 20. e5 a5 21. Qg4 Qd7
22. Rad1 b4 23. c4 Qc7 24. cxd5 Bxd5 25. Nf3 Qb7 26. Rd2 Rc7 27. Red1 Rec8 28.
Bd4 Nd7 29. h5 h6 30. Ne1 Bxg2 31. Nxg2 Rc2 32. Qe2 Rxd2 33. Qxd2 Qe4 34. Re1
Qf5 35. Ne3 Qxh5 36. Nc4 Qf5 37. Kg2 a4 38. Qe3 axb3 39. axb3 Nc5 40. Ra1 Nxb3
41. Nb6 Rd8 42. Rd1 Qc2 43. Rd3 Qc6+ 0-1

[Event "Goldener Springer 2020"]
[Site "Frankfurt-Griesheim"]
[Date "2020.??.??"]
[Round "3"]
[White "Weber, Samuel"]
[Black "Sergin, Mark"]
[Result "0-1"]
[WhiteElo "2230"]
[BlackElo "2207"]
[PlyCount "94"]
[EventDate "2020.??.??"]
[WhiteTeam "SV Oberursel"]
[BlackTeam "SF Neuberg"]

1. Nf3 c5 2. g3 b6 3. Bg2 Bb7 4. d3 g6 5. O-O Bg7 6. e4 d6 7. Re1 e5 8. Nc3 Ne7
9. Nd2 Nbc6 10. Nc4 Nd4 11. Bg5 f6 12. Bd2 O-O 13. Nd5 Nxd5 14. exd5 Nf5 15. f4
Ne7 16. fxe5 fxe5 17. Bg5 Qd7 18. Bxe7 Qxe7 19. a4 Rad8 20. Qe2 Bc8 21. Rab1 h5
22. Be4 Bg4 23. Qg2 Qd7 24. Bxg6 Bf3 25. Qd2 Qh3 26. Re4 Bxe4 27. dxe4 Qg4 28.
Bf5 Rxf5 29. exf5 Qxc4 30. Qg5 Rf8 31. Rf1 Qd4+ 32. Kg2 Qxd5+ 33. Kh3 e4 34.
Qxh5 Rf6 35. Kg4 Qc4 36. Re1 e3+ 37. Kg5 Qxc2 38. Qe8+ Kh7 39. Rf1 e2 40. Rf4
Qd2 41. Qh5+ Rh6 42. Qf7 e1=Q 43. f6 Qe5+ 44. Kg4 Qde2+ 45. Rf3 Q5e4+ 46. Kg5
Rg6+ 47. Kh5 Qxh2# 0-1

[Event "Goldener Springer 2020"]
[Site "Frankfurt-Griesheim"]
[Date "2020.??.??"]
[Round "3"]
[White "Varma, Christopher"]
[Black "Olesiak, Marcin"]
[Result "1/2-1/2"]
[WhiteElo "1889"]
[BlackElo "2036"]
[PlyCount "35"]
[EventDate "2020.??.??"]
[WhiteTeam "SV Oberursel"]
[BlackTeam "SV Oberursel"]

1. d4 d5 2. Bf4 Nf6 3. e3 c5 4. c3 Nc6 5. Nd2 e6 6. Ngf3 cxd4 7. exd4 Nh5 8.
Be3 Bd6 9. Ne5 g6 10. Be2 Ng7 11. Nd3 b6 12. Nf3 Qc7 13. Qd2 Ba6 14. Bf4 Bxf4
15. Qxf4 Qxf4 16. Nxf4 Bxe2 17. Kxe2 f6 18. h4 1/2-1/2

[Event "Goldener Springer 2020"]
[Site "Frankfurt-Griesheim"]
[Date "2020.??.??"]
[Round "3"]
[White "Weiland, Thomas"]
[Black "Calvi, Stefan"]
[Result "1-0"]
[WhiteElo "1790"]
[BlackElo "2072"]
[PlyCount "59"]
[EventDate "2020.??.??"]
[WhiteTeam "SV Oberursel"]
[BlackTeam "SF Frankfurt"]

1. c4 Nf6 2. d4 e6 3. Nf3 c5 4. Nc3 d5 5. Bg5 cxd4 6. Nxd4 Be7 7. e3 O-O 8.
cxd5 exd5 9. Bd3 h6 10. Bh4 Nc6 11. Nxc6 bxc6 12. O-O Qb6 13. Qc2 Ba6 14. Rfd1
Bxd3 15. Rxd3 Rfd8 16. Rad1 Rac8 17. Qe2 Qb7 18. Bg3 Bb4 19. Bh4 Bxc3 20. Rxc3
g5 21. Bg3 c5 22. Rb3 Qc6 23. Ra3 c4 24. Be5 Nd7 25. Bd4 a6 26. Qh5 Nb6 27. h4
gxh4 28. Qxh4 Qg6 29. e4 c3 30. Rxc3 1-0

[Event "Goldener Springer 2020"]
[Site "Frankfurt-Griesheim"]
[Date "2020.??.??"]
[Round "3"]
[White "Rondonuwu, Grover"]
[Black "Zilch, Lothar"]
[Result "1-0"]
[WhiteElo "2053"]
[BlackElo "1871"]
[PlyCount "77"]
[EventDate "2020.??.??"]
[WhiteTeam "Frankfurter TV"]
[BlackTeam "SV Alsfeld"]

1. d4 Nf6 2. Bg5 Ne4 3. Bf4 d5 4. f3 Nd6 5. Nc3 Nc4 6. e4 Nxb2 7. Qb1 dxe4 8.
Qxb2 Qxd4 9. Rd1 Qb6 10. Nd5 Qa5+ 11. c3 e5 12. Bxe5 Bd6 13. Bxd6 cxd6 14. Qb5+
Qxb5 15. Nc7+ Kd7 16. Nxb5 exf3 17. Nxd6 fxg2 18. Bxg2 Kc7 19. Ne2 Nc6 20. Nxf7
Re8 21. Nd6 Re7 22. Bxc6 Bg4 23. Be4 a6 24. Rg1 Bxe2 25. Kxe2 Rd8 26. Nb5+ axb5
27. Rxd8 Kxd8 28. Ke3 Kc7 29. Kd4 h6 30. Rb1 Rd7+ 31. Bd5 Re7 32. Rxb5 b6 33.
Rb2 g5 34. Rf2 Re1 35. Rf7+ Kc8 36. Rh7 Rd1+ 37. Ke5 Rd3 38. c4 Rh3 39. Be6+
1-0

[Event "Goldener Springer 2020"]
[Site "Frankfurt-Griesheim"]
[Date "2020.??.??"]
[Round "3"]
[White "Chandler, Patrick"]
[Black "Mamerow, Marvin Stephan"]
[Result "1-0"]
[WhiteElo "2155"]
[BlackElo "1938"]
[PlyCount "87"]
[EventDate "2020.??.??"]
[WhiteTeam "SC Nied"]
[BlackTeam "SC Matt im Park Frankfurt"]

1. Nf3 Nf6 2. b4 d5 3. Bb2 e6 4. a3 c5 5. bxc5 Bxc5 6. e3 Nc6 7. d4 Qb6 8. Qc1
Bd6 9. Nbd2 Na5 10. Bc3 Bd7 11. Rb1 Qc7 12. Bb4 Rc8 13. Bd3 O-O 14. O-O Rfd8
15. Re1 Ba4 16. Rb2 a6 17. Qb1 b5 18. c3 Nc6 19. e4 Nxb4 20. cxb4 dxe4 21. Nxe4
Nxe4 22. Bxe4 h6 23. g3 Qc4 24. Rbe2 Rd7 25. d5 Re7 26. dxe6 Rxe6 27. Bh7+ Kh8
28. Rxe6 fxe6 29. Nh4 Rc7 30. Bd3 Qb3 31. Kg2 Rc3 32. Bg6 Qxb1 33. Bxb1 Bb3 34.
Be4 Bc4 35. Rd1 Bc7 36. Ng6+ Kg8 37. Rd7 a5 38. Re7 Bd6 39. Rd7 Bd3 40. Bxd3
Rxd3 41. bxa5 Rxa3 42. Rxd6 Kf7 43. Ne5+ Kf6 44. Nc6 1-0

[Event "Goldener Springer 2020"]
[Site "Frankfurt-Griesheim"]
[Date "2020.??.??"]
[Round "3"]
[White "Lange, Martin"]
[Black "Stock, Juergen"]
[Result "0-1"]
[WhiteElo "1749"]
[BlackElo "1862"]
[PlyCount "88"]
[EventDate "2020.??.??"]
[WhiteTeam "Sfr. Kelkheim"]
[BlackTeam "Sfr. Kelkheim"]

1. e4 e6 2. d4 d5 3. Nd2 Be7 4. e5 c5 5. c3 Nc6 6. Ndf3 f6 7. exf6 Nxf6 8. Ne2
O-O 9. a3 Ne4 10. Ng3 cxd4 11. Nxe4 dxe4 12. Nxd4 Qb6 13. Be3 Qxb2 14. Qc1
Qxc1+ 15. Bxc1 Ne5 16. Be3 a6 17. Be2 Nd3+ 18. Bxd3 exd3 19. f3 e5 20. Nb3 Be6
21. Na5 Rac8 22. Kd2 b5 23. Rhb1 Bf6 24. Rc1 Rf7 25. a4 Rfc7 26. Bb6 Bg5+ 27.
Be3 Be7 28. axb5 axb5 29. Kxd3 Bf5+ 30. Kd2 b4 31. c4 e4 32. Ke1 exf3 33. gxf3
Bf6 34. Ra4 Re8 35. Rxb4 Rxe3+ 36. Kf2 Ra3 37. Rb8+ Kf7 38. Nb7 Bh4+ 39. Kg2
Ra2+ 40. Kh1 Rd7 41. c5 Be7 42. c6 Rdd2 43. c7 Rxh2+ 44. Kg1 Rag2+ 0-1

[Event "Goldener Springer 2020"]
[Site "Frankfurt-Griesheim"]
[Date "2020.??.??"]
[Round "3"]
[White "Degenhardt, Andreas"]
[Black "Reitz, Gerhard"]
[Result "1/2-1/2"]
[WhiteElo "1811"]
[BlackElo "1990"]
[PlyCount "44"]
[EventDate "2020.??.??"]
[WhiteTeam "SC Lorsch"]
[BlackTeam "SC Obertshausen"]

1. d4 Nf6 2. Nf3 g6 3. Nbd2 Bg7 4. e4 d6 5. c3 O-O 6. Bd3 c5 7. dxc5 dxc5 8.
Qc2 Nc6 9. O-O Nd7 10. Re1 Nde5 11. Nxe5 Nxe5 12. Bf1 Be6 13. f4 Nc6 14. Nc4
Qc7 15. a4 Bxc4 16. Bxc4 Na5 17. Qe2 Nxc4 18. Qxc4 Rac8 19. Be3 Rfd8 20. Rad1
b6 21. Qe2 Qc6 22. Qc2 Qc7 1/2-1/2

[Event "Goldener Springer 2020"]
[Site "Frankfurt-Griesheim"]
[Date "2020.??.??"]
[Round "3"]
[White "Westhof, Benedikt"]
[Black "Prior, Benjamin"]
[Result "0-1"]
[WhiteElo "1795"]
[BlackElo "1831"]
[PlyCount "52"]
[EventDate "2020.??.??"]
[WhiteTeam "SC Heusenstamm"]
[BlackTeam "SF Anderssen Wetzlar"]

1. d4 Nf6 2. c4 g6 3. Nc3 d5 4. Bg5 Ne4 5. Nxe4 dxe4 6. e3 Bg7 7. Qc2 c5 8.
O-O-O cxd4 9. Qxe4 Nc6 10. Qd5 Be6 11. Qb5 Qb6 12. Nf3 Qxb5 13. cxb5 Nb4 14.
Bd3 Rc8+ 15. Kd2 Nxd3 16. Kxd3 Bc4+ 17. Ke4 f5+ 18. Kf4 h6 19. Bh4 g5+ 20. Nxg5
hxg5+ 21. Bxg5 d3 22. Kxf5 Rc5+ 23. Kg4 Be6+ 24. Kf3 Rxg5 25. Rxd3 Rf8+ 26. Ke2
Bc4 0-1

[Event "Goldener Springer 2020"]
[Site "Frankfurt-Griesheim"]
[Date "2020.??.??"]
[Round "3"]
[White "Meyer, Marcel"]
[Black "Kaehm, Kevin"]
[Result "1-0"]
[WhiteElo "1729"]
[BlackElo "1608"]
[PlyCount "69"]
[EventDate "2020.??.??"]
[WhiteTeam "SC Herborn"]
[BlackTeam "SK Bischofsheim"]

1. d4 d5 2. c4 Nf6 3. cxd5 Nxd5 4. e4 Nb6 5. Nf3 e6 6. Nc3 Bb4 7. a3 Bxc3+ 8.
bxc3 O-O 9. Bd3 Nc6 10. O-O Ne7 11. Be3 f5 12. Qc2 f4 13. Bd2 Ng6 14. e5 Rf5
15. Bxf5 exf5 16. Qb3+ Kh8 17. c4 c6 18. Ba5 Nh4 19. c5 Be6 20. Qd3 Nxf3+ 21.
Qxf3 Qg5 22. cxb6 Bd5 23. Qh3 f3 24. Rfe1 axb6 25. Bxb6 g6 26. e6 fxg2 27. e7
Re8 28. Bd8 Qd2 29. Qe3 Qc2 30. Qh6 Kg8 31. Bc7 Qc3 32. Qe3 Qb2 33. Rab1 Qc2
34. Rxb7 Bc4 35. Rb8 1-0

[Event "Goldener Springer 2020"]
[Site "Frankfurt-Griesheim"]
[Date "2020.??.??"]
[Round "3"]
[White "Rutsatz, Mario"]
[Black "Krychevskiy, Dmytro"]
[Result "0-1"]
[WhiteElo "1969"]
[BlackElo "1904"]
[PlyCount "126"]
[EventDate "2020.??.??"]
[WhiteTeam "SF Frankfurt"]
[BlackTeam "SV Oberursel"]

1. d4 g6 2. e4 Bg7 3. Nc3 d6 4. Bg5 Nf6 5. f3 O-O 6. Qd2 Nbd7 7. O-O-O e5 8.
dxe5 dxe5 9. h4 Qe8 10. h5 c6 11. hxg6 fxg6 12. Bc4+ Kh8 13. Bh6 Qe7 14. Bxg7+
Qxg7 15. Nh3 Nb6 16. Bb3 Bxh3 17. Rxh3 Nh5 18. Ne2 Qf6 19. Qh6 Qg7 20. Qg5 Qf6
21. Qe3 Rad8 22. Rdh1 Rd7 23. Kb1 Rfd8 24. g3 Rd1+ 25. Rxd1 Rxd1+ 26. Nc1 Rf1
27. g4 Qf4 28. Qxf4 Nxf4 29. Rh2 Rxf3 30. a4 Nd7 31. Rd2 Nc5 32. g5 h6 33. Rd8+
Kg7 34. Rg8+ Kh7 35. Re8 Nxb3 36. Re7+ Kg8 37. Nxb3 hxg5 38. Rxe5 g4 39. Nd4
Rf1+ 40. Ka2 g3 41. Rg5 g2 42. Ne2 Nxe2 43. Rxg6+ Kf7 44. Rxg2 Nf4 45. Rd2 Ke7
46. Rh2 Ne6 47. Kb3 Nc5+ 48. Kc4 Nxa4 49. b4 Nb6+ 50. Kd4 Nd7 51. Rh7+ Rf7 52.
Rh6 Nf8 53. Ke5 Nd7+ 54. Kd4 Rg7 55. c4 Nf6 56. Rh8 Ke6 57. Ra8 Rd7+ 58. Ke3 a6
59. Rb8 Ke5 60. c5 Re7 61. Rh8 Rg7 62. Rf8 Rg4 63. Kf3 Rf4+ 0-1

[Event "Goldener Springer 2020"]
[Site "Frankfurt-Griesheim"]
[Date "2020.??.??"]
[Round "3"]
[White "Baer, Christian"]
[Black "Koepke, Carolina"]
[Result "1/2-1/2"]
[WhiteElo "1500"]
[BlackElo "1451"]
[PlyCount "81"]
[EventDate "2020.??.??"]
[WhiteTeam "SC Steinbach"]
[BlackTeam "SV Oberursel"]

1. e4 e5 2. Nc3 Nc6 3. g3 Bc5 4. Bg2 d6 5. Na4 Bb6 6. Nxb6 axb6 7. Ne2 Nf6 8.
O-O O-O 9. d3 Be6 10. f4 Re8 11. f5 Bc8 12. Bg5 h6 13. Bh4 Nd4 14. h3 c6 15. g4
d5 16. Ng3 Qd6 17. c3 Nb5 18. a4 Nc7 19. Re1 Nd7 20. b4 b5 21. a5 b6 22. axb6
Rxa1 23. Qxa1 Nxb6 24. Nf1 Bb7 25. Bg3 Ra8 26. Qc1 f6 27. d4 Nc4 28. h4 Qe7 29.
Nd2 Ne8 30. exd5 cxd5 31. Nxc4 dxc4 32. Bxb7 Qxb7 33. dxe5 Ra2 34. Bf2 Qf3 35.
Qe3 Qxg4+ 36. Kf1 Qxf5 37. exf6 Nxf6 38. Qe6+ Qxe6 39. Rxe6 Rd2 40. Bd4 Rh2 41.
Rb6 1/2-1/2